| 000 | 00423nam a22001697a 4500 | ||
|---|---|---|---|
| 999 |
_c478397 _d478397 |
||
| 003 | NUST | ||
| 005 | 20180528065241.0 | ||
| 008 | 180528b ||||| |||| 00| 0 eng d | ||
| 020 | _a9788173199912 | ||
| 038 | _aSNS Library | ||
| 082 | _a531 | ||
| 100 |
_aSuresh Chandra _910543 |
||
| 245 |
_aClassical Mechanics _cSuresh Chandra |
||
| 260 |
_aNew Delhi _bNarosa _c2009 |
||
| 300 |
_a334 P. _bPb. |
||
| 942 |
_2ddc _cBK |
||